Ratón Soltero /

Guardado en:
Autor Principal: Liván, Paco; adapt.
Otros Autores: Torrão, Marta; il.
Formato: Libro
Idioma:Undetermined
Publicado: Córdoba : De la Magnolia, 2013.
Edición:1a ed.
Materias:
Etiquetas: Agregar Etiqueta
Sin Etiquetas, Sea el primero en etiquetar este registro!
LEADER 00700nam a22002175a 4500
001 CEM.cems024533
008 250331s2013####xx############000#0#und#d
005 20250331134335.0
245 1 0 |a Ratón Soltero /  |c Paco Liván ; ilustraciones de Marta Torrão. 
250 |a 1a ed. 
260 |a Córdoba :  |b De la Magnolia,  |c 2013. 
300 |a 44 p. 
500 |a Adaptación de cuento tradicional africano. 
020 |a 9789871823086 
100 1 |a Liván, Paco; adapt. 
700 1 |a Torrão, Marta; il. 
653 |a Cuento infantil 
653 |a Literatura española 
653 |a Literatura africana 
653 |a Literatura folclórica 
859 |a CEMS  |b BIB. CEMS - Inicial y Primaria  |h 863.4  |i L743  |k IP  |p 4229  |t Ej.1